000 01187nam a2200325 a 4500
001 000111917
003 CHAP
005 20220329144235.0
008 151013s2015 mx a fsm |||||||spa d
010 _a108378
011 _a109350
040 _cCHAP
090 _aTesis
100 1 _aMontejo Haas, Abimael
_9129916
245 1 0 _aAgroecosistemas sustentables para la autonomía alimentaria. Caso "Caxan-cuxtal" Dzemocut, Yucatán
_h[En línea]
_cpor Abimael Montejo Haas.
260 _aChapingo, Méx. :
_bEl autor,
_c2015.
500 _aPara ver el contenido del material haga clic en la liga
502 _aTesis (Ing. Agr. Esp. en Sociología Rural) -- UACH. Departamento de Sociología Rural
590 _aE5995AHE
_b05
_c20151013
_lUCH01
_h1123
590 _aE5995AHE
_b05
_c20151013
_lUCH01
_h1123
590 _aE5995AHE
_b05
_c20151013
_lUCH01
_h1243
650 1 4 _aAgricultura sustentable
_zYucatán.
_92026
650 1 4 _aDesarrollo de la comunidad.
_931967
650 1 4 _aEcología agrícola.
_935165
650 1 4 _aGranjas familiares.
_950405
856 _aFinding aid
_uhttp://10.13.5.2/tesis/sist111917.pdf
_zTeclea aquí
901 _aBK
942 _cTESIS
942 _n0
999 _c108378
_d108378